The peace of Paris, 1856 : studies in war, diplomacy, and peacemaking /

Bibliographic Details
Main Author: Baumgart, Winfried
Format: Book
Language:English
Published: Santa Barbara, Calif. : Oxford, England : ABC-Clio ; Clio Press, [1981]
Subjects:

MARC

Tag First Indicator Second Indicator Subfields
LEADER 00000cam a22000008a 4500
001 in00000070460
005 20151008061748.0
008 801120s1981 caua b 00110 engm
010 |a  80039532  
020 |a 0874363098 
035 |a (OCoLC)07179129 
035 |9 AAJ8763AM 
040 |a DLC  |c DLC  |d m.c.  |d TXA  |d UtOrBLW 
043 |a e------ 
049 |a TXAM  |c [1672034] 
050 0 0 |a DK215  |b .B3513 
082 0 |a 947/.073  |2 19 
100 1 |a Baumgart, Winfried. 
240 1 0 |a Friede von Paris 1856.  |l English 
245 1 4 |a The peace of Paris, 1856 :  |b studies in war, diplomacy, and peacemaking /  |c Winfried Baumgart ; translated by Ann Pottinger Saab. 
263 |a 8105 
264 1 |a Santa Barbara, Calif. :  |b ABC-Clio ;  |a Oxford, England :  |b Clio Press,  |c [1981] 
264 4 |c ©1981 
300 |a xx, 230 pages :  |b illustrations ;  |c 24 cm. 
336 |a text  |b txt  |2 rdacontent 
337 |a unmediated  |b n  |2 rdamedia 
338 |a volume  |b nc  |2 rdacarrier 
500 |a Translation of Der Friede von Paris 1856. 
500 |a Includes index. 
504 |a Bibliography: pages 213-224. 
630 0 0 |a Paris, Declaration of, 1856. 
650 0 |a Crimean War, 1853-1856. 
999 |a MARS 
999 f f |s 68ed7d3f-cafe-3b4c-86ff-8532fdf225be  |i 6987dee5-79a8-3ab0-b62a-22e7217795b8  |t 0 
952 f f |p ric  |a Texas A&M University  |b Rellis Campus  |c Joint Library Facility  |d Remote Storage  |t 0  |e DK215 .B3513  |h Library of Congress classification  |i unmediated -- volume  |m A14806099135 
998 f f |a DK215 .B3513  |t 0  |l Remote Storage